India, a bird's eye view, (Record no. 553260)
[ view plain ]
| 000 -LEADER | |
|---|---|
| fixed length control field | 00800cam a22002051 4500 |
| 082 ## - DEWEY DECIMAL CLASSIFICATION NUMBER | |
| Classification number | 954 |
| Author Mark | RON |
| 100 1# - MAIN ENTRY--PERSONAL NAME | |
| Personal name | Whyte, Alexander Frederick, |
| 9 (RLIN) | 50519 |
| 245 10 - TITLE STATEMENT | |
| Title | India, a bird's eye view, |
| Statement of responsibility, etc. | by Sir Frederick Whyte. |
| 260 ## - PUBLICATION, DISTRIBUTION, ETC. | |
| Place of publication, distribution, etc. | London, |
| Name of publisher, distributor, etc. | The Royal Institute of International Affairs |
| Date of publication, distribution, etc. | [1924] |
| 300 ## - PHYSICAL DESCRIPTION | |
| Extent | P. 314 |
| Dimensions | 35cm |
| 490 0# - SERIES STATEMENT | |
| Series statement | United Kingdom paper |
| 500 ## - GENERAL NOTE | |
| General note | Includes extra numbered leaves 9a and 54a. |
| 500 ## - GENERAL NOTE | |
| General note | On cover: Eighth conference of the Institute of Pacific Relations, Mont Tremblant, Quebec, Canada, December, 1942. |
| 500 ## - GENERAL NOTE | |
| General note | Reproduced from type-written copy. |
| 526 ## - STUDY PROGRAM INFORMATION NOTE | |
| Program name | 0 |
| Interest level | 0 |
| Reading level | 0 |
| Title point value | 954_000000000000000_RON |
| 650 #0 - SUBJECT ADDED ENTRY--TOPICAL TERM | |
| Topical term or geographic name entry element | MCE |
| 9 (RLIN) | 379 |
| 650 #0 - SUBJECT ADDED ENTRY--TOPICAL TERM | |
| Topical term or geographic name entry element | World War, 1939-1945 |
| Geographic subdivision | India. |
| 9 (RLIN) | 48937 |
| 710 2# - ADDED ENTRY--CORPORATE NAME | |
| Corporate name or jurisdiction name as entry element | Royal Institute of International Affairs. |
| 9 (RLIN) | 50520 |
| 942 ## - ADDED ENTRY ELEMENTS (KOHA) | |
| Source of classification or shelving scheme | |
| Koha item type | Book |
| Withdrawn status | Lost status | Source of classification or shelving scheme | Damaged status | Not for loan | Permanent Location | Current Location | Shelving location | Date acquired | Total Checkouts | Full call number | Barcode | Date last seen | Price effective from | Koha item type |
|---|---|---|---|---|---|---|---|---|---|---|---|---|---|---|
| Military College of Engineering (MCE) | Military College of Engineering (MCE) | 02/03/2015 | 954 RON | MCE-EC1/17 | 02/03/2015 | 03/14/2021 | Book |
